Ba lần gặp Bác Hồ trong một chiến dịch Tập truyện kỷ niệm...
保存先:
| フォーマット: | 図書 |
|---|---|
| 言語: | Undetermined |
| 出版事項: |
Hà Nội
QĐND
2001
|
| 主題: | |
| タグ: |
タグ追加
タグなし, このレコードへの初めてのタグを付けませんか!
|
| Thư viện lưu trữ: | Trung tâm Học liệu Trường Đại học Cần Thơ |
|---|
| LEADER | 00510nam a2200157Ia 4500 | ||
|---|---|---|---|
| 001 | CTU_41983 | ||
| 008 | 210402s9999 xx 000 0 und d | ||
| 082 | |a 324.2597075 | ||
| 082 | |b H450e | ||
| 245 | 0 | |a Ba lần gặp Bác Hồ trong một chiến dịch | |
| 245 | 0 | |b Tập truyện kỷ niệm... | |
| 260 | |a Hà Nội | ||
| 260 | |b QĐND | ||
| 260 | |c 2001 | ||
| 650 | |a communists - vietnam - biography,ho chi minh - biography | ||
| 980 | |a Trung tâm Học liệu Trường Đại học Cần Thơ | ||